[Event "POL-chT3 1112"]
[Site "Poland"]
[Date "2012.04.22"]
[Round "11.7"]
[White "Nowacki, Krzysztof"]
[Black "Grylewicz, Bernard"]
[Result "1-0"]
[WhiteElo "1823"]
[BlackElo "1826"]
[PlyCount "49"]
[EventDate "2011.11.06"]
[EventType "team-tourn"]
[EventRounds "11"]
[EventCountry "POL"]
[SourceTitle "EXT 2015"]
[Source "ChessBase"]
[SourceDate "2014.11.20"]
[SourceVersion "1"]
[SourceVersionDate "2014.11.20"]
[SourceQuality "1"]
[WhiteTeam "Bydgoszcz Emdek"]
[BlackTeam "Znin Baszta II"]
[WhiteTeamCountry "POL"]
[BlackTeamCountry "POL"]

1. e4 c5 2. Nf3 Nc6 3. d4 cxd4 4. Nxd4 Nf6 5. Nc3 d6 6. Be2 e5 7. Nb3 Be7 8. Be3 a5 9. 0-0 a4 10. Nd2 d5 11. exd5 Nxd5 12. Nxd5 Qxd5 13. Bc4 Qd6 14. Qf3 0-0 15. c3 Qg6 16. Bd5 Bg4 17. Qg3 Bf5 18. Qxg6 hxg6 19. Nc4 Bd3 20. Rfd1 Bxc4 21. Bxc4 Na5 22. Bb5 a3 23. b4 Nc6 24. Rd7 Bxb4 25. cxb4 1-0

[Event "POL-chT3 1112"]
[Site "Poland"]
[Date "2012.03.11"]
[Round "8.31"]
[White "Gryniakow, Jaroslaw"]
[Black "Grylewicz, Bernard"]
[Result "1-0"]
[WhiteElo "2218"]
[BlackElo "1826"]
[PlyCount "65"]
[EventDate "2011.11.06"]
[EventType "team-tourn"]
[EventRounds "11"]
[EventCountry "POL"]
[SourceTitle "EXT 2015"]
[Source "ChessBase"]
[SourceDate "2014.11.20"]
[SourceVersion "1"]
[SourceVersionDate "2014.11.20"]
[SourceQuality "1"]
[WhiteTeam "Torun Torfarm 64"]
[BlackTeam "Znin Baszta II"]
[WhiteTeamCountry "POL"]
[BlackTeamCountry "POL"]

1. d4 Nf6 2. c4 e6 3. Nf3 b6 4. g3 Ba6 5. Nbd2 Bb4 6. Qc2 0-0 7. Bg2 Bb7 8. 0-0 Bxd2 9. Bxd2 Be4 10. Qb3 Nc6 11. Rfd1 Rc8 12. Bg5 h6 13. Bxf6 Qxf6 14. Rac1 Na5 15. Qa4 Qe7 16. b4 Nc6 17. a3 a5 18. d5 Bxf3 19. exf3 Ne5 20. f4 Ng6 21. bxa5 Ra8 22. d6 cxd6 23. Bxa8 Rxa8 24. a6 h5 25. Qb5 h4 26. Qxb6 e5 27. Qxd6 hxg3 28. Qxe7 gxh2+ 29. Kxh2 Nxe7 30. Rxd7 Nc6 31. Rd6 Rc8 32. Rb1 exf4 33. Rxc6 1-0

[Event "POL-chT3 Kujawsko Pomorskie 1011"]
[Site "Poland"]
[Date "2011.04.17"]
[Round "11.22"]
[White "Grylewicz, Bernard"]
[Black "Wesolowski, Waldemar"]
[Result "1-0"]
[WhiteElo "1839"]
[BlackElo "1660"]
[PlyCount "61"]
[EventDate "2010.11.07"]
[EventType "team-tourn"]
[EventRounds "11"]
[EventCountry "POL"]
[SourceTitle "EXT 2019"]
[Source "ChessBase"]
[SourceDate "2018.10.10"]
[SourceVersion "1"]
[SourceVersionDate "2018.10.10"]
[SourceQuality "1"]

1. e4 e5 2. Nf3 Nf6 3. Nxe5 d6 4. Nf3 Nxe4 5. d4 d5 6. Bd3 Be7 7. c4 Nf6 8. Nc3 Bg4 9. h3 Bxf3 10. Qxf3 c6 11. cxd5 Nxd5 12. 0-0 Nf6 13. Ne2 0-0 14. Bg5 Nbd7 15. Rfd1 Qa5 16. Bh4 Rfe8 17. g4 Qd5 18. Qe3 Nxg4 19. hxg4 Bxh4 20. Qh3 g5 21. Nf4 Bxf2+ 22. Kxf2 Qxd4+ 23. Kg2 Qxf4 24. Rf1 Re3 25. Qxh7+ Kf8 26. Rxf4 gxf4 27. Qh8+ Ke7 28. Qxa8 Rxd3 29. Qxb7 Rg3+ 30. Kf2 Rxg4 31. Rd1 1-0

[Event "POL-chT3 Kujawsko Pomorskie 0910"]
[Site "Poland"]
[Date "2010.01.31"]
[Round "6.21"]
[White "Grylewicz, Bernard"]
[Black "Wodzynski, Michal"]
[Result "0-1"]
[WhiteElo "1844"]
[BlackElo "1959"]
[PlyCount "64"]
[EventDate "2009.11.08"]
[EventType "team-tourn"]
[EventRounds "11"]
[EventCountry "POL"]
[SourceTitle "EXT 2020"]
[Source "ChessBase"]
[SourceDate "2019.10.17"]
[SourceVersion "1"]
[SourceVersionDate "2019.10.17"]
[SourceQuality "1"]

1. e4 e5 2. Nf3 Nc6 3. Bb5 f5 4. Nc3 fxe4 5. Nxe4 Nf6 6. Nxf6+ Qxf6 7. Bxc6 dxc6 8. d4 exd4 9. Qxd4 Be7 10. 0-0 0-0 11. Re1 Bf5 12. Qc4+ Qf7 13. Qxf7+ Rxf7 14. c3 Bd6 15. Be3 a5 16. h3 h6 17. Rad1 Bxh3 18. Nd4 Bg4 19. f3 Bh5 20. Bf2 Bg6 21. a3 a4 22. Re6 Kh7 23. Rde1 Rff8 24. g3 Ra5 25. f4 c5 26. Nf3 Rb5 27. R6e2 Bh5 28. Kg2 g5 29. Rh1 Bg4 30. Nxg5+ Kg6 31. Nf3 c4 32. Nd4 Ra5 0-1

[Event "POL-chT3 Kujawsko Pomorskie 0809"]
[Site "Poland"]
[Date "2009.03.15"]
[Round "10.17"]
[White "Grylewicz, Bernard"]
[Black "Tadzik, Bogdan"]
[Result "0-1"]
[WhiteElo "1841"]
[BlackElo "1714"]
[PlyCount "120"]
[EventDate "2008.11.09"]
[EventType "team-tourn"]
[EventRounds "11"]
[EventCountry "POL"]
[SourceTitle "EXT 2019"]
[Source "ChessBase"]
[SourceDate "2018.10.10"]
[SourceVersion "1"]
[SourceVersionDate "2018.10.10"]
[SourceQuality "1"]

1. e4 e5 2. Nf3 Nc6 3. Bb5 a6 4. Ba4 Nf6 5. 0-0 Nxe4 6. d4 b5 7. Bb3 d5 8. dxe5 Be6 9. Qe2 Be7 10. Rd1 0-0 11. c4 bxc4 12. Bxc4 Bc5 13. Be3 Bxe3 14. Qxe3 Qb8 15. Bb3 Qb6 16. Qxb6 cxb6 17. Bxd5 Bxd5 18. Rxd5 Nb4 19. Rd4 Nc2 20. Rxe4 Nxa1 21. Nc3 b5 22. Re1 Nc2 23. Rc1 Nb4 24. a3 Nd3 25. Rb1 Rfe8 26. Nd5 Ra7 27. Nb4 Nf4 28. g3 Ng6 29. Re1 a5 30. Nc6 Ra6 31. Ncd4 b4 32. axb4 axb4 33. Re3 h6 34. h4 Kf8 35. h5 Ne7 36. e6 Nc6 37. Rb3 Nxd4 38. Nxd4 Rb6 39. Rf3 Re7 40. exf7 Rxf7 41. Rb3 Ke8 42. Kg2 Rd7 43. Nf5 Kf7 44. Ne3 Ke6 45. g4 Rd4 46. Kf3 Rb7 47. Nf5 Rd1 48. Ke2 Rg1 49. f3 Kd5 50. Rd3+ Kc5 51. Ne3 Rb1 52. Rd2 Rh1 53. Rc2+ Kd6 54. Kd3 Ke5 55. Rc4 Rh3 56. f4+ Kd6 57. Kd4 Rh2 58. Nf5+ Ke6 59. Rc6+ Kd7 60. b3 Kxc6 0-1

[Event "POL-chT Region 0607"]
[Site "Poland"]
[Date "2007.01.14"]
[Round "5"]
[White "Janik, Tomasz"]
[Black "Grylewicz, Bernard"]
[Result "1-0"]
[WhiteElo "2050"]
[BlackElo "2000"]
[PlyCount "37"]
[EventDate "2006.11.12"]
[EventType "team"]
[EventRounds "11"]
[EventCountry "POL"]
[SourceTitle "EXT 2008"]
[Source "ChessBase"]
[SourceDate "2007.11.25"]
[SourceVersion "1"]
[SourceVersionDate "2007.11.25"]
[SourceQuality "1"]

1. d4 Nf6 2. Nf3 c5 3. e3 e6 4. c3 Nc6 5. Bd3 d5 6. Nbd2 Be7 7. dxc5 Bxc5 8. 0-0 Bd7 9. e4 dxe4 10. Nxe4 Be7 11. Bf4 0-0 12. Nxf6+ Bxf6 13. Qc2 g6 14. Rad1 e5 15. Bg3 Rc8 16. Be4 Qe7 17. Rfe1 Bg4 18. Qa4 Rfe8 19. Bxc6 1-0

[Event "Torun-Bydgoszcz m"]
[Site "Przysiek"]
[Date "2005.12.04"]
[Round "?"]
[White "Borchardt, Adam"]
[Black "Grylewicz, Bernard"]
[Result "1/2-1/2"]
[WhiteElo "2020"]
[BlackElo "2000"]
[PlyCount "103"]
[EventDate "2005.12.04"]
[EventType "team"]
[EventRounds "1"]
[EventCountry "POL"]
[SourceTitle "EXT 2007"]
[Source "ChessBase"]
[SourceDate "2006.11.23"]
[SourceVersion "1"]
[SourceVersionDate "2006.11.23"]
[SourceQuality "1"]

1. e4 c5 2. Nf3 d6 3. d4 cxd4 4. Nxd4 Nf6 5. Nc3 a6 6. Be2 e5 7. Nf3 h6 8. 0-0 Be7 9. h3 b5 10. a3 Bb7 11. Bd3 0-0 12. Be3 Nbd7 13. Qd2 Nc5 14. Bxc5 dxc5 15. Qe3 Qc7 16. Nd5 Nxd5 17. exd5 c4 18. Be2 Bf6 19. Rad1 Rfd8 20. Nh2 Bxd5 21. Ng4 Qe7 22. Nxf6+ Qxf6 23. Rd2 Rd6 24. Qc5 Rad8 25. Rfd1 Qe6 26. Bg4 f5 27. Bxf5 Qxf5 28. Rxd5 Rxd5 29. Rxd5 Rxd5 30. Qxd5+ Kh7 31. Qd2 Qe4 32. Kf1 Qd4 33. Qc1 Kg6 34. Ke2 Qe4+ 35. Kf1 Kf5 36. Qd1 Ke6 37. Qg4+ Qxg4 38. hxg4 Kd5 39. Ke2 a5 40. Ke3 b4 41. axb4 axb4 42. f3 g6 43. g3 g5 44. b3 cxb3 45. cxb3 Kc5 46. Ke4 Kd6 47. Kf5 Kd5 48. Kg6 Kd4 49. Kxh6 Ke3 50. Kxg5 Kxf3 51. Kh6 e4 52. g5 1/2-1/2